| 000 | 00553 a2200193 4500 | ||
|---|---|---|---|
| 005 | 20250411154444.0 | ||
| 020 | _a9789351112020 | ||
| 050 |
_aS599.5 _bDAS 2014 |
||
| 100 |
_aDas, Guru Sharan _eauthor |
||
| 245 |
_aSoil fertility / _cGuru Sharan Das |
||
| 264 |
_aNew Delhi : _bRandom Publications, _c2014 |
||
| 300 |
_a258pages : _billustrations |
||
| 336 |
_2rdacontent _atext _btxt |
||
| 337 |
_2rdamedia _aunmediated _bn |
||
| 338 |
_2rdacarrier _avolume _bnc |
||
| 500 | _aIncludes index | ||
| 650 | _aSoil fertility | ||
| 942 |
_2lcc _cBK _h599.5 _iDAS _kS |
||
| 999 |
_c5664 _d5664 |
||